000 00941nam a2200253Ia 4500
003 OSt
005 20221002044037.0
006 a|||||r|||| 00| 0
007 ta
008 220930b |||||||| |||| 00| 0 pan d
020 _a8173807396 (hbk)
_c1000
024 _a5631
037 _b715, 26/06/2013, H.K. Prakashan
_cReference Collections
040 _aCRL
_cCRL
_bpun
041 _2pun
_apun
082 _aO153k, P1;Q1(RR)
100 _aਜੱਗੀ, ਰਤਨ ਸਿੰਘ, ਥਦ.
245 0 _aਸਾਹਿੱਤ ਕੋF
_b ਪਾਰਿਭਾFਿਕ Fਬਦਾਵਲੀ
260 _aਪਟਿਆਲਾ
_b ਪੰਜਾਬੀ ਯੂਨੀਵਰਸਿਟੀ
_c2011
300 _a801ਪੰ
_ccm.
650 _aਪੰਜਾਬੀ ਸਾਹਿਤ
942 _hO153k, P1;Q1(RR)
_cref
_2CC
999 _c909496
_d909496